000
00298nam a2200121Ia 4500
008
191201s2017 xx 000 0 und d
100
_a
SINGH, Swadesh Kumar
245
0
_a
Text Book on Production Engineering
260
_b
Made Easy
_c
2017
300
_a
476
650
_a
B.Tech(ME)
942
_2
ddc
_c
BK
999
_c
6830
_d
6830